All Football teams in London - Statistics

General Stats
  • This quiz has been taken 57 times
  • The average score is 6 of 13
Answer Stats
Answer % Correct
Arsenal
98%
Tottenham
87%
Chelsea
85%
West Ham
76%
Crystal Palace
74%
Fulham
74%
Brentford
63%
Queens Park Rangers
41%
Charlton Athletic
37%
AFC Wimbeldon
2%
Barnet FC
2%
Leyton Orient FC
0%
Watford FC
0%
No matching quizzes found
Score Distribution
Percent of People with Each Score
Percentile by Number Answered
Your Score History
You have not taken this quiz